ブレスオブザワイルド 祠 - Statistics

General Stats
  • This quiz has been taken 7 times
  • The average score is 20 of 136
Answer Stats
周辺の塔 試練名 % Correct
森林 キヨ・ウーの祠 命運は星の数
60%
始まり マ・オーヌの祠 磁力のちから
40%
始まり ワ・モダイの祠 時よ止まれ
40%
双子山 トト・イサの祠 〇〇のからくり
40%
双子山 タロ・ニヒの祠 〇〇の教え
40%
ハテノ ミャマ・ガナの祠 〇〇のからくり
40%
オルディン シモ・イトセの祠 揺れる炎
40%
始まり ジャ・バシフの祠 破壊のちから
20%
始まり(EX) ヨーワカ・イルタの祠 平常のこころ
20%
始まり(EX) ロヒッタ・チグの祠 止めるが安全の策
20%
始まり(EX) ルネ・コリバーの祠 力の試練 極位+
20%
始まり(EX) エツィ・コリマの祠 導きは光
20%
平原 ルヨ・タウの祠 門をくぐる者
20%
平原 ダ・カソーの祠 力の試練 序位
20%
平原 ヤカー・マタの祠 大きなちから
20%
平原 ワゴ・カタの祠 鉄の橋
20%
双子山 ヴァシ・リャコの祠 風の導き
20%
双子山 ヒロ・ヒラの祠 流れに乗せて
20%
双子山 リ・ダヒの祠 見切りの極意
20%
双子山 シベ・ニーロの祠 双子の記憶
20%
双子山 シベ・ニャスの祠 双子の記憶
20%
双子山 ハユ・ダマの祠 導きは氷より現れる
20%
双子山 ラーナ・ロキの祠 〇〇の祝福
20%
ハテノ カム・ユオの祠 時を刻む歯車
20%
ハテノ ダウ・ナエの祠 3つの箱
20%
ハテノ ミーズー・ヨの祠 3つの知恵
20%
ハテノ ターノ・アの祠 〇〇の祝福
20%
ハテノ チャス・ケタの祠 力の試練 極位
20%
ラネール カヤ・ミワの祠 水より現れし盾
20%
ラネール ダタ・クスの祠 沈んだ救い手
20%
ラネール シェモ・ラタの祠 光が時を刻む間に
20%
ラネール ルッコ・マの祠 5つの炎
20%
ラネール ダ・キキーの祠 〇〇の祝福
20%
ラネール ネヅ・ヨマの祠 押し出す力
20%
ラネール シ・ヨタの祠 〇〇の祝福
20%
ラネール カ・ムーの祠 地に落ち天に昇る
20%
ラネール(EX) マウ・エルーヤの祠 鉄と柱の階段
20%
アッカレ シズ・カフィの祠 〇〇のからくり
20%
アッカレ ダヒ・シーノの祠 力の試練 序位
20%
アッカレ ケニィ・シカの祠 力の試練 中位
20%
アッカレ ヅナ・カイの祠 〇〇の祝福
20%
オルディン タ・ムールの祠 炎を伝えて
20%
オルディン モア・キシトの祠 道を切り開くは鉄の球
20%
オルディン キュ・ラムヒの祠 釣り合う力
20%
オルディン ケハ・ラマの祠 欲望の坂
20%
オルディン ダカ・カの祠 滞空時間
20%
オルディン ショラ・ハの祠 青き炎
20%
オルディン(EX) カミラ・オムナの祠 軌道予測
20%
オルディン(EX) リノ・ヒミカの祠 炎を遮るもの
20%
森林 ミーロ・ツヒの祠 力の加減
20%
森林 モンヤ・トマの祠 つながる放物線
20%
丘陵 ドゥンバ・タの祠 コツコツと
20%
丘陵 トー・ヤッサの祠 うずもれた秘密
20%
丘陵 キワ・ザタスの祠 2つの球は空への導き
20%
丘陵 シャオ・ヨの祠 狙うは刹那
20%
丘陵 シ・ダゴズの祠 並列思考
20%
丘陵 モ・ラタニアの祠 揺れに合わせて
20%
丘陵(EX) シリト・ゲオマの祠 狙いを定めるは静止
20%
ヘブラ ト・クモの祠 〇〇の祝福
20%
ヘブラ ヒャ・ミウの祠 力の試練 極位
20%
ヘブラ シャダ・アダの祠 隠された赤い壁
20%
ヘブラ ラー・クアの祠 突きのちから
20%
ヘブラ リ・モナの祠 風を遮るもの
20%
タバンタ カ・オキョの祠 風の使い手
20%
タバンタ ティナ・キョザの祠 力の試練 極位
20%
タバンタ ヴォリダ・ノの祠 大砲
20%
タバンタ アコ・ヴァータの祠 風車
20%
タバンタ ウータ・ドの祠 風の道
20%
タバンタ シャ・タワの祠 隠されし風の道
20%
タバンタ(EX) ノイエ・ロジーの祠 導くは四本の風
20%
ゲルド ジュニ・シの祠 〇〇のからくり
20%
ゲルド シ・ジトの祠 2つのバクダン
20%
ゲルド クイ・タッカの祠 融けゆく氷
20%
荒野 ジノ・ヨーの祠 静と動の選択
20%
荒野 ダコ・タワの祠 エレキの通り道
20%
荒野 グコ・チセの祠 5つの鉄塊
20%
荒野 キマ・ズースの祠 途切れる放物線
20%
荒野 ラキュ・ウロの祠 〇〇の祝福
20%
荒野 キョシ・オーの祠 〇〇の祝福
20%
荒野 ミィ・スゥの祠 〇〇の祝福
20%
荒野 ディラ・マの祠 〇〇の祝福
20%
荒野 スマ・サマの祠 〇〇の祝福
20%
荒野(EX) ケーべ・タワの祠 大小の選択
20%
ヤ・ナーガの祠 天を破る
20%
シ・タタンケの祠 力の試練 中位
20%
プマ・ニットの祠 力の試練 序位
20%
シ・クチョフの祠 〇〇の祝福
20%
カオ・マカの祠 道をつなぐもの
20%
フィローネ サイ・ウートの祠 傾きを止めるもの
20%
フィローネ ヤオ・マーヨの祠 審判を下すは鉄の箱
20%
フィローネ マ・カヤの祠 求めるは瞬発力
20%
フィローネ ムオ・ジームの祠 力の試練 中位
20%
始まり トゥミ・ンケの祠 氷柱のちから
0%
平原 ニア・ネアの祠 力の試練 序位
0%
平原 カタ・チュキの祠 力の試練 序位
0%
平原 サス・コサの祠 力の試練 極位
0%
平原 ナミカ・オズの祠 力の試練 中位
0%
ハテノ ジター・サミの祠 〇〇の祝福
0%
ラネール サオ・コヒの祠 力の試練 序位
0%
ラネール(EX) サタ・カダの祠 柱の支え
0%
ラネール(EX) キオ・ダフナの祠 融かしの加減
0%
アッカレ リター・ズモの祠 〇〇の祝福
0%
アッカレ カツ・トサの祠 〇〇のからくり
0%
アッカレ ツツア・ニマの祠 力の試練 極位
0%
アッカレ トゥ・カロの祠 〇〇の祝福
0%
オルディン サ・ダージュの祠 炎のちから
0%
オルディン グ・アチトーの祠 〇〇の祝福
0%
オルディン(EX) シャド・ロンの祠 死角の見極め
0%
森林 マーム・ラノの祠 〇〇の祝福
0%
森林 ダ・チョカヒの祠 〇〇の祝福
0%
森林 クン・シダジの祠 〇〇の祝福
0%
森林 キト・ワワイの祠 〇〇の祝福
0%
森林 ロナ・カータの祠 〇〇の祝福
0%
丘陵 マ・ノラの祠 〇〇の祝福
0%
丘陵 ミッダ・ロキの祠 力の加減 中位
0%
ヘブラ カマ・ラヒの祠 心の準備
0%
ヘブラ ミョス・シノの祠 力の試練 極位
0%
ヘブラ ガオマ・アサの祠 力の試練 極位
0%
ヘブラ シャ・ゲマの祠 移動と固定
0%
ヘブラ カザ・トッキの祠 〇〇の祝福
0%
ヘブラ ノッキ・ミヒの祠 同時に
0%
ヘブラ ラノ・クヒーの祠 〇〇の祝福
0%
ヘブラ(EX) キハ・トゥサの祠 珠を導きしは己
0%
ゲルド ササ・カイの祠 力の試練 中位
0%
ゲルド キハ・ウの祠 〇〇の祝福
0%
ゲルド キマ・コササの祠 力の試練 極位
0%
荒野 ケー・ノイの祠 エレキのちから
0%
荒野 ト・カユーの祠 〇〇の祝福
0%
荒野 ハワ・カイの祠 エレキの伝達
0%
荒野(EX) タタカマ・シミリの祠 2つの使い道
0%
荒野(EX) キヒロテ・モーの祠 箱の中身
0%
イオ・ソオの祠 手に取る勇気
0%
フィローネ ショダ・サーの祠 成功のタイミング
0%
フィローネ キュカ・ナタの祠 〇〇の祝福
0%
フィローネ タワ・ジヌの祠 〇〇の祝福
0%
フィローネ クグ・チテの祠 〇〇の祝福
0%
No matching quizzes found
Score Distribution
Percent of People with Each Score
Percentile by Number Answered
Your Score History
You have not taken this quiz